| 000 | 00669nam a2200229 a 4500 | ||
|---|---|---|---|
| 001 | 56392 | ||
| 003 | BD-RjUL | ||
| 005 | 20211209080405.0 | ||
| 008 | 161129s1958 enk 001 0 eng | ||
| 035 | _a(BD-RjUL)56516 | ||
| 040 |
_aDLC _cOC _dOCoLC _dBD-RjUL _beng |
||
| 041 | _aeng | ||
| 082 |
_a891.5509 _223 _bARC 1958 |
||
| 100 | 1 |
_aArberry, A. J. _q(Arthur John), _d1905-1969. _9162786 |
|
| 245 | 1 | 0 |
_aClassical Persian literature / _cA. J. Arberry, |
| 260 |
_aNew York : _bMacmillan, _cc1958 |
||
| 300 |
_a464 p. ; _c22 cm. |
||
| 500 | _aInclude index | ||
| 650 | 0 |
_aPersian literature _xHistory and criticism. _9124362 |
|
| 942 |
_2ddc _cBK |
||
| 999 |
_c56392 _d56392 |
||